Southville International School and Colleges
Your cart is empty.
  • Cart
  • Lists
    Public lists Eva Luna New books Lux_list list_1
    Your lists Log in to create your own lists
  • Log in to your account
  • Your cookies
  • Search history
Southville International School and Colleges
  • Advanced search
  • Recent comments
  • Most popular
  • Libraries

Log in to your account

Log in with GOOGLE


If you do not have an external account, but do have a local account, you can still log in:

  1. Home
  2. MARC view: Sport management successful private sector business strategies /
Normal view MARC view ISBD view

Sport management successful private sector business strategies / (Record no. 10242)

[ view plain ]
MARC details
000 -LEADER
fixed length control field 00521nam a22001697a 4500
003 - CONTROL NUMBER IDENTIFIER
control field OSt
005 - DATE AND TIME OF LATEST TRANSACTION
control field 20140310182202.0
008 - FIXED-LENGTH DATA ELEMENTS--GENERAL INFORMATION
fixed length control field 130903t xxu||||| |||| 00| 0 eng d
050 ## - LIBRARY OF CONGRESS CALL NUMBER
Classification number GV 713
Item number .D261 1994
082 ## - DEWEY DECIMAL CLASSIFICATION NUMBER
Classification number HS 796
Item number D29 1994
100 ## - MAIN ENTRY--PERSONAL NAME
Personal name Davis, Kathleen A.
9 (RLIN) 16296
245 ## - TITLE STATEMENT
Title Sport management successful private sector business strategies /
Statement of responsibility, etc Kathleen A. Davis.
260 ## - PUBLICATION, DISTRIBUTION, ETC. (IMPRINT)
Place of publication, distribution, etc USA :
Name of publisher, distributor, etc Brown & Benchmark communication Inc.,
Date of publication, distribution, etc c1994.
300 ## - PHYSICAL DESCRIPTION
Extent 300 p. :
Other physical details ill. ;
Dimensions 24 cm.
942 ## - ADDED ENTRY ELEMENTS (KOHA)
Source of classification or shelving scheme Library of Congress Classification
Koha item type
Holdings
Withdrawn status Lost status Source of classification or shelving scheme Damaged status Home library Current library Shelving location Date acquired Total Checkouts Full call number Barcode Date last seen Copy number Price effective from Koha item type
    Library of Congress Classification   Luxembourg Library Luxembourg Library High School Section 09/03/2013   GV 713 .D261 1994 8031 09/03/2013 1 09/03/2013 Books

Sport management successful private sector business strategies /

APA

Davis K. A., . (1994). Sport management successful private sector business strategies. USA: Brown & Benchmark communication Inc.

Chicago

Davis Kathleen A, . 1994. Sport management successful private sector business strategies. USA: Brown & Benchmark communication Inc.

Harvard

Davis K. A., . (1994). Sport management successful private sector business strategies. USA: Brown & Benchmark communication Inc.

MLA

Davis Kathleen A, . Sport management successful private sector business strategies. USA: Brown & Benchmark communication Inc. 1994.

  • Place hold
  • Print
  • Cite
  • Add to your cart (remove)
  • Save record
    BIBTEX Dublin Core MARCXML MARC (non-Unicode/MARC-8) MARC (Unicode/UTF-8) MARC (Unicode/UTF-8, Standard) MODS (XML) RIS
  • More searches
    Search for this title in:
    Other Libraries (WorldCat) Other Databases (Google Scholar) Online Stores (Bookfinder.com) Open Library (openlibrary.org)

Exporting to Dublin Core...

SOUTHVILLE LIBRARY

Southville International School and Colleges Library

1281 Tropical Ave. Cor. Luxembourg St., BF Homes International, Las Pinas City

Tel. No. 8256374 / 252358 Loc. 117/146

Powered by Koha